000 01199njm a22002657a 4500
005 20100906162657.0
006 a|||||r|||||00| 0
007 sd ammalaaahaa
008 100906t xxu||||| |||| 00| 0 eng d
028 _aN 53524
_bHis Master's Voice
035 _aGR-788
100 _918520
_aMohammad Rafi
245 _aChaudhvin ka chand /
_cby Mohammad Rafi; music by Ravi; lyric by Shakeel Badayuni
_h[Sound recording]
246 _aचौदहवीं का चाँद / मोहम्मद रफ़ी
260 _aDum Dum, India
_bHis Master's Voice
300 _a1 sound disc [Gramophone Recording]
_banalog, 33 1/3 rpm ;
_c9.5 in. (MP)
_fGramaphone Records
500 _aBrief record
505 _aSide-1 मिली खाक में मोहब्बत (Mili khak main mohabbat) (Mohammad Rafi) --Side-2 यह लखनौ की सर ज़मीं (Yah lakhanau ki sar zameen) (Mohammad Rafi)
650 _aClassical music
_xExcerpts
_zIndia
_918521
700 _aRavi
_918522
700 _aShakeel Badayuni
_918540
700 _aBadayuni, Shakeel
_918523
942 _2ddc
_cGR
999 _c44106
_d44106